| 000 | 00458nam a22001457a 4500 | ||
|---|---|---|---|
| 999 |
_c15653 _d15653 |
||
| 003 | OSt | ||
| 008 | 190523b ||||| |||| 00| 0 eng d | ||
| 020 | _a9788170195665 | ||
| 082 |
_a635.046 _bSRI/CO |
||
| 245 | _aCompendium of technologies for processing, preservation and value addition of Horticultural crops | ||
| 260 |
_aNew Delhi _bToday and Tomorrow's Printers and Publishers _c2017 |
||
| 300 | _a204 p. | ||
| 700 |
_aSrivastava, P K _94143 |
||
| 942 | _cBK | ||